Loading...

Passage to Capitalism

Bibliographic Details
Language:Undetermined
Subjects:
LEADER 00503nab a2200157Ia 4500
008 170811c99999999xx |||||||||||| ||und||
245 |a Passage to Capitalism 
300 |a 24-25 
653 |a  China 
653 |a  India 
653 |a  Russia 
653 |a Capitalism 
773 |t Monthly Commentary On Indian Economic Condition   |g Vol. LIV No. 6 (January) 2013 
942 |c ART 
999 |c 179858  |d 179858 
952 |0 0  |1 0  |4 0  |7 0  |9 245706  |a LIB  |b LIB  |d 2017-08-13  |h Vol. LIV No. 6 (January) 2013  |r 2017-08-13  |w 2017-08-13  |y ART